[Event "IX Floripa Chess Open Fort Atacadista"]
[Site "Florianópolis - Santa Catari"]
[Date "2023.01.24"]
[Round "3.153"]
[White "Brito, Nicolas Neres"]
[Black "Casas, Nicolas"]
[Result "1/2-1/2"]
[WhiteElo "1426"]
[BlackElo "1803"]
[PlyCount "35"]
[EventDate "2023.01.23"]
[EventRounds "10"]
[EventCountry "BRA"]

1. d4 Nf6 2. c4 g6 3. Nc3 Bg7 4. e4 d6 5. Nf3 O-O 6. Be2 Nbd7 7. Be3 e5 8. dxe5
Nxe5 9. Nxe5 dxe5 10. Qc2 c6 11. Rd1 Qc7 12. O-O Be6 13. b3 Rad8 14. Rxd8 Rxd8
15. Rd1 b6 16. Rxd8+ Qxd8 17. Qd2 Qc7 18. Bh6 1/2-1/2

[Event "IX Floripa Chess Open Fort Atacadista"]
[Site "Florianópolis - Santa Catari"]
[Date "2023.01.24"]
[Round "3.154"]
[White "Lazzarotti, Calebe Kadlubiski"]
[Black "Deretti, Lucas Jurk"]
[Result "0-1"]
[WhiteElo "1801"]
[BlackElo "1392"]
[PlyCount "74"]
[EventDate "2023.01.23"]
[EventRounds "10"]
[EventCountry "BRA"]

1. e4 c5 2. Nf3 d6 3. Bb5+ Bd7 4. Bxd7+ Qxd7 5. O-O Nf6 6. Re1 Nc6 7. c3 e6 8.
d4 cxd4 9. cxd4 d5 10. e5 Ne4 11. a3 Be7 12. Nbd2 Nxd2 13. Bxd2 O-O 14. Rc1
Rfc8 15. Rc3 Nd8 16. Rd3 Rc7 17. Ng5 f6 18. exf6 Bxf6 19. Nf3 Nf7 20. Bf4 Rc6
21. Rde3 Rac8 22. Qa4 a6 23. Rxe6 b5 24. Rxc6 bxa4 25. Rxa6 h6 26. Ree6 Re8 27.
Rxe8+ Qxe8 28. h3 Qb5 29. Ra8+ Kh7 30. Rb8 Qd3 31. Rb4 Ng5 32. Bxg5 Bxg5 33.
Nxg5+ hxg5 34. f3 Kg6 35. Kh2 Qc2 36. Rb8 Kf5 37. Kg3 Qc7+ 0-1

[Event "IX Floripa Chess Open Fort Atacadista"]
[Site "Florianópolis - Santa Catari"]
[Date "2023.01.24"]
[Round "3.155"]
[White "Pavao, Alice Lara Biasi"]
[Black "Pavao, Fabio Biasi"]
[Result "0-1"]
[WhiteElo "1401"]
[BlackElo "1799"]
[PlyCount "90"]
[EventDate "2023.01.23"]
[EventRounds "10"]
[EventCountry "BRA"]

1. c4 g6 2. g3 Bg7 3. Bg2 c6 4. Nc3 Nf6 5. d4 d5 6. cxd5 cxd5 7. Nf3 Nc6 8. O-O
O-O 9. h3 Ne4 10. Be3 Nxc3 11. bxc3 Na5 12. Bd2 Nc4 13. Qb3 b6 14. Rfe1 Bf5 15.
Bf4 Be4 16. Rad1 Rc8 17. Nd2 Bxg2 18. Kxg2 Qd7 19. Nxc4 Rxc4 20. Rc1 Rfc8 21.
Bd2 Qc6 22. e3 e5 23. a3 e4 24. Rc2 Bf8 25. Ra1 b5 26. Rb2 a6 27. Qd1 Be7 28.
f3 f5 29. fxe4 fxe4 30. Qg4 Rf8 31. h4 Rf3 32. h5 Qc8 33. Qxc8+ Rxc8 34. hxg6
hxg6 35. Rf1 Rxf1 36. Kxf1 Rc4 37. Rb3 Kf7 38. Kg2 Kf6 39. g4 Ra4 40. Bc1 Kg5
41. Kg3 Bf8 42. Bb2 Bd6+ 43. Kh3 Rc4 44. Bc1 Rc8 45. Bd2 Rh8+ 0-1

[Event "IX Floripa Chess Open Fort Atacadista"]
[Site "Florianópolis - Santa Catari"]
[Date "2023.01.24"]
[Round "3.156"]
[White "Silva, Juliana Figueira Th"]
[Black "Lunelli, Neuri Antonio"]
[Result "1-0"]
[WhiteElo "1393"]
[BlackElo "1799"]
[PlyCount "97"]
[EventDate "2023.01.23"]
[EventRounds "10"]
[EventCountry "BRA"]

1. Nf3 Nf6 2. g3 g6 3. Bg2 Bg7 4. d3 d6 5. O-O Nbd7 6. e4 O-O 7. Nc3 e5 8. Kh1
Nc5 9. Ne1 Ne6 10. f4 exf4 11. gxf4 Nd4 12. Be3 Ng4 13. Bg1 f5 14. Nf3 Nxf3 15.
Qxf3 c6 16. Qg3 Nf6 17. Bf3 Qe7 18. Rae1 Be6 19. h4 Rae8 20. Rf2 Qf7 21. Rfe2
h5 22. e5 Nd5 23. Nxd5 Bxd5 24. d4 dxe5 25. dxe5 Kh7 26. a3 Qe6 27. Bxa7 Rg8
28. Be3 Bf8 29. Rd2 Bxf3+ 30. Qxf3 Be7 31. Bf2 Rd8 32. Red1 Kg7 33. Kh2 Kf7 34.
Kh3 Rxd2 35. Rxd2 Rd8 36. Rxd8 Bxd8 37. Qd3 Be7 38. Bb6 c5 39. Bd8 c4 40. Qd4
Qc6 41. Bxe7 Kxe7 42. Kg3 b5 43. Qa7+ Ke6 44. Qg7 Kd5 45. Qf7+ Ke4 46. Qa7 Kd5
47. Qf7+ Kd4 48. Qa7+ Kd5 49. Qb8 1-0

[Event "IX Floripa Chess Open Fort Atacadista"]
[Site "Florianópolis - Santa Catari"]
[Date "2023.01.24"]
[Round "3.157"]
[White "Cezar, Ricardo De Almeida"]
[Black "Fossatti, Igor Anton"]
[Result "1-0"]
[WhiteElo "1795"]
[BlackElo "1391"]
[PlyCount "85"]
[EventDate "2023.01.23"]
[EventRounds "10"]
[EventCountry "BRA"]

1. d4 d5 2. c4 e6 3. Nc3 Nf6 4. cxd5 exd5 5. Bg5 c6 6. e3 Be7 7. Bd3 Nbd7 8.
Qc2 h6 9. Bh4 O-O 10. Nf3 b6 11. O-O Qc7 12. Bg3 Bd6 13. Nb5 cxb5 14. Qxc7 Bxc7
15. Bxc7 a6 16. Rac1 Bb7 17. Bf5 Rfe8 18. Ne5 Nxe5 19. dxe5 Ne4 20. Rfd1 Nc5
21. f4 g6 22. Bg4 Ne6 23. Bxb6 g5 24. g3 Ng7 25. Rc7 Bc8 26. Bxc8 Raxc8 27.
Rxd5 Rxc7 28. Bxc7 Rc8 29. Rd8+ Rxd8 30. Bxd8 gxf4 31. exf4 Ne6 32. Bb6 h5 33.
Kf2 Ng7 34. h3 Nf5 35. g4 hxg4 36. hxg4 Ne7 37. Kf3 Nd5 38. Bc5 Nc7 39. f5 Kg7
40. Ke4 a5 41. Bb6 Na6 42. Bxa5 Nc5+ 43. Kd4 1-0

[Event "IX Floripa Chess Open Fort Atacadista"]
[Site "Florianópolis - Santa Catari"]
[Date "2023.01.24"]
[Round "3.158"]
[White "Nagel, Yasmin Da Silva"]
[Black "Teixeira, Jonas Carvalho"]
[Result "1-0"]
[WhiteElo "1386"]
[BlackElo "1791"]
[PlyCount "115"]
[EventDate "2023.01.23"]
[EventRounds "10"]
[EventCountry "BRA"]

1. e4 c5 2. Nf3 d6 3. d4 cxd4 4. Nxd4 a6 5. Nc3 Nf6 6. Be2 e6 7. Be3 Be7 8. Qd2
O-O 9. O-O-O b5 10. a3 Qc7 11. g4 Bb7 12. f3 Nc6 13. Kb1 Rfc8 14. h4 b4 15. Na4
bxa3 16. Nxc6 Bxc6 17. Nb6 Rab8 18. Nxc8 Rxb2+ 19. Ka1 Qxc8 20. Qc3 d5 21. Bc1
Bb4 22. Qd4 Bb5 23. Bxb2 axb2+ 24. Kxb2 Bxe2 25. e5 Be7 26. Rb1 Bxf3 27. Rhg1
Be4 28. Qc3 Qd8 29. Qc6 Nd7 30. Qxa6 Nxe5 31. g5 g6 32. Qa7 Nc4+ 33. Kc3 Qd6
34. Rb8+ Kg7 35. Rb7 Qa3+ 36. Qxa3 Bxa3 37. Rgb1 d4+ 38. Kxc4 Bxb7 39. Rxb7 Bd6
40. Kxd4 Bg3 41. Ke4 Bxh4 42. Kf4 Be1 43. c4 Bd2+ 44. Kg4 Be3 45. Rc7 e5 46. c5
Bxc5 47. Rxc5 f5+ 48. gxf6+ Kxf6 49. Rc6+ Kg7 50. Re6 h6 51. Rxe5 Kf6 52. Ra5
Kf7 53. Kh4 Kf6 54. Rc5 Kf7 55. Rc8 Kg7 56. Rc7+ Kg8 57. Kg4 Kh8 58. Kf4 1-0

[Event "IX Floripa Chess Open Fort Atacadista"]
[Site "Florianópolis - Santa Catari"]
[Date "2023.01.24"]
[Round "3.159"]
[White "Panazzolo, Paulo Victor"]
[Black "Monteiro, Samuel Ramazzotte"]
[Result "1/2-1/2"]
[WhiteElo "1788"]
[BlackElo "1385"]
[PlyCount "82"]
[EventDate "2023.01.23"]
[EventRounds "10"]
[EventCountry "BRA"]

1. e4 c5 2. Nf3 Nc6 3. d4 cxd4 4. Nxd4 g6 5. Be2 Nf6 6. Nc3 Bg7 7. Be3 d6 8.
Qd2 Nxd4 9. Bxd4 Bd7 10. O-O-O a6 11. f3 b5 12. Nd5 Nh5 13. Bxg7 Nxg7 14. Qc3
O-O 15. g4 a5 16. h4 h5 17. gxh5 Nxh5 18. f4 e6 19. Bxh5 exd5 20. Rdg1 Rc8 21.
Qg3 Qe7 22. Bd1 dxe4 23. h5 Bf5 24. hxg6 fxg6 25. Rh2 Kg7 26. Qg5 Qf7 27. Rgh1
Rh8 28. Rxh8 Rxh8 29. Rxh8 Kxh8 30. Qd8+ Kg7 31. Qxa5 Qd5 32. Be2 Bd7 33. Qc7
Qc6 34. Qa7 Kf6 35. Qd4+ Kf5 36. Qe3 Be6 37. Qh3+ Kf6 38. Qh8+ Kf7 39. Qh7+ Kf6
40. Qh8+ Kf7 41. Qh7+ Kf6 1/2-1/2

[Event "IX Floripa Chess Open Fort Atacadista"]
[Site "Florianópolis - Santa Catari"]
[Date "2023.01.24"]
[Round "3.160"]
[White "Fanckin, Murilo"]
[Black "Encina, Adrian Andres"]
[Result "0-1"]
[WhiteElo "1384"]
[BlackElo "1787"]
[PlyCount "80"]
[EventDate "2023.01.23"]
[EventRounds "10"]
[EventCountry "BRA"]

1. d4 Nf6 2. c4 e6 3. Nc3 d5 4. Nf3 c6 5. e3 Nbd7 6. Bd3 dxc4 7. Bxc4 b5 8. Be2
Bd6 9. O-O Bb7 10. b3 O-O 11. Bb2 Qe7 12. Rc1 Rfd8 13. Qc2 Rac8 14. Rfd1 a6 15.
Ne4 Nxe4 16. Qxe4 Nf8 17. Qc2 c5 18. dxc5 Rxc5 19. Qb1 Rh5 20. Bd4 e5 21. Bb6
Re8 22. Qd3 Rh6 23. e4 f5 24. Qe3 Bxe4 25. Nd2 Ba8 26. Nf1 f4 27. Qc3 Qb7 28.
Bf3 Qxb6 29. Be2 Rg6 30. Bf3 e4 31. Bh5 Be5 32. Qc5 Qf6 33. Bxg6 Qxg6 34. Qc2
Qg4 35. h3 Qh4 36. Nd2 f3 37. b4 fxg2 38. Qb3+ Kh8 39. Kxg2 e3+ 40. Kf1 Qxf2#
0-1

[Event "IX Floripa Chess Open Fort Atacadista"]
[Site "Florianópolis - Santa Catari"]
[Date "2023.01.24"]
[Round "3.161"]
[White "Spagnollo, Pedro Henrique"]
[Black "Sergio Filho, Claudio Santos"]
[Result "0-1"]
[WhiteElo "1379"]
[BlackElo "1786"]
[PlyCount "100"]
[EventDate "2023.01.23"]
[EventRounds "10"]
[EventCountry "BRA"]

1. e4 c5 2. Nf3 Nc6 3. c3 Nf6 4. e5 Nd5 5. Bc4 Nb6 6. Bb3 d5 7. d4 c4 8. Bc2
Bg4 9. h3 Bh5 10. Be3 e6 11. Nbd2 Be7 12. O-O Bg6 13. b4 Bxc2 14. Qxc2 h5 15.
Nh2 g5 16. f4 gxf4 17. Bxf4 Bg5 18. Bxg5 Qxg5 19. Ndf3 Qg3 20. Rf2 O-O-O 21. a4
Rdg8 22. a5 Nd7 23. b5 Ne7 24. Nf1 Qxh3 25. Qd2 Qg4 26. N1h2 Qg7 27. Raf1 Nf5
28. Ne1 Ng3 29. Rxf7 Nxf1 30. Qf2 Qg5 31. Nxf1 Rf8 32. Nf3 Rxf7 33. Nxg5 Rxf2
34. Kxf2 Nf8 35. Ne3 Kd7 36. Nd1 Ng6 37. Nb2 Rf8+ 38. Kg3 Nf4 39. Na4 Nd3 40.
Kh4 Rf2 41. Kxh5 Rc2 42. Nc5+ Nxc5 43. dxc5 Rxg2 44. Nh7 d4 45. cxd4 c3 46. d5
exd5 47. b6 axb6 48. cxb6 c2 49. e6+ Kxe6 50. Ng5+ Rxg5+ 0-1

[Event "IX Floripa Chess Open Fort Atacadista"]
[Site "Florianópolis - Santa Catari"]
[Date "2023.01.24"]
[Round "3.162"]
[White "Do Amaral E Silva, Larissa Blue"]
[Black "Bezerra, Wiltemberg Barros"]
[Result "0-1"]
[WhiteElo "1378"]
[BlackElo "1786"]
[PlyCount "56"]
[EventDate "2023.01.23"]
[EventRounds "10"]
[EventCountry "BRA"]

1. e4 Nf6 2. Bc4 d6 3. d4 Nc6 4. Be3 e5 5. d5 Ne7 6. Nc3 g6 7. Nf3 Bg7 8. O-O
O-O 9. h3 h6 10. Qd2 Kh7 11. Ne1 g5 12. Be2 Ng6 13. f3 Nf4 14. Kh2 Qd7 15. g4
h5 16. Rg1 Rh8 17. Bxf4 gxf4 18. Ng2 hxg4 19. fxg4 Kg8 20. Nxf4 exf4 21. Qxf4
Nh7 22. Raf1 Be5 23. Rg3 Bxf4 24. Rxf4 Qe7 25. Bf3 Ng5 26. Kg1 Qe5 27. Ne2 Bd7
28. c3 Kg7 0-1

[Event "IX Floripa Chess Open Fort Atacadista"]
[Site "Florianópolis - Santa Catari"]
[Date "2023.01.24"]
[Round "3.163"]
[White "Ferreira, Rodrigo Maycon Mira"]
[Black "Da Costa, Mariana Nara Santan"]
[Result "1-0"]
[WhiteElo "1781"]
[BlackElo "1369"]
[PlyCount "99"]
[EventDate "2023.01.23"]
[EventRounds "10"]
[EventCountry "BRA"]

1. g4 d5 2. Bg2 Bxg4 3. c4 c6 4. cxd5 cxd5 5. Qb3 Qc7 6. Nc3 e6 7. Qa4+ Nc6 8.
Qxg4 Nf6 9. Qa4 Bc5 10. Nf3 a6 11. d4 Ba7 12. Bg5 Nd7 13. Rc1 Qb6 14. Qa3 h6
15. Be3 Nf6 16. O-O Ng4 17. Na4 Qd8 18. Nc5 Qe7 19. Nxa6 bxa6 20. Rxc6 Qxa3 21.
bxa3 O-O 22. Rxa6 Nxe3 23. fxe3 Bxd4 24. Rxa8 Bxe3+ 25. Kh1 Rxa8 26. Ne5 f6 27.
Ng4 Bc5 28. Rc1 Bxa3 29. Rc2 Rb8 30. Bf3 Rb5 31. Rc8+ Kf7 32. Ra8 Bc5 33. Kg2
Rb1 34. Nf2 f5 35. a4 g5 36. h3 Be3 37. Ra6 Kf6 38. Bxd5 Rb6 39. Bc4 Ke5 40.
Ra8 Kd4 41. Bb5 h5 42. Rd8+ Ke5 43. Nd3+ Kf6 44. Rh8 h4 45. Kf3 Bd4 46. e3 Bc3
47. Rc8 Bd2 48. Ke2 Ba5 49. Nc5 Kf7 50. Nb3 1-0

[Event "IX Floripa Chess Open Fort Atacadista"]
[Site "Florianópolis - Santa Catari"]
[Date "2023.01.24"]
[Round "3.164"]
[White "Gadea, Fernando"]
[Black "Spieker, Otavio Schmidt"]
[Result "1-0"]
[WhiteElo "1768"]
[BlackElo "1352"]
[PlyCount "79"]
[EventDate "2023.01.23"]
[EventRounds "10"]
[EventCountry "BRA"]

1. d4 d5 2. Nc3 Nf6 3. Bf4 Bf5 4. f3 e6 5. g4 Bg6 6. h4 h6 7. e3 Bd6 8. Nh3 Qe7
9. Bd3 Bxd3 10. Qxd3 c6 11. O-O-O Bxf4 12. exf4 Nbd7 13. f5 O-O-O 14. Rde1 Nb6
15. fxe6 Nc4 16. g5 Nh5 17. f4 Qb4 18. Nd1 Rde8 19. c3 Qa5 20. exf7 Ref8 21. g6
Nf6 22. Re6 Ne4 23. Rxe4 dxe4 24. Qxc4 Qf5 25. h5 Kc7 26. Qe2 Rd8 27. Ne3 Qe6
28. Kb1 a5 29. f5 Qd6 30. Qh2 Kd7 31. Qxd6+ Kxd6 32. f6 gxf6 33. g7 Rhf8 34.
gxf8=Q+ Rxf8 35. Nf5+ Ke6 36. Nxh6 Ke7 37. Nf4 Rh8 38. Ng6+ Kd7 39. Nxh8 Kc7
40. f8=Q 1-0

[Event "IX Floripa Chess Open Fort Atacadista"]
[Site "Florianópolis - Santa Catari"]
[Date "2023.01.24"]
[Round "3.196"]
[White "Flores, Clarice Soares Leit"]
[Black "Mesquita, Victor Noronha"]
[Result "1-0"]
[WhiteElo "1737"]
[BlackElo "1289"]
[PlyCount "79"]
[EventDate "2023.01.23"]
[EventRounds "10"]
[EventCountry "BRA"]

1. d4 d5 2. c4 c6 3. Nf3 Nf6 4. e3 e6 5. Nbd2 Nbd7 6. Bd3 dxc4 7. Nxc4 b5 8.
Nce5 Bb7 9. O-O Bd6 10. Nxd7 Nxd7 11. e4 a6 12. e5 Be7 13. Be4 Qc7 14. Bf4 Nf6
15. Bd3 Nd5 16. Bg3 c5 17. dxc5 Bxc5 18. Rc1 Ne3 19. Rxc5 Qxc5 20. fxe3 Qxe3+
21. Bf2 Bxf3 22. Bxe3 Bxd1 23. Rxd1 O-O 24. Be4 Rac8 25. Rd6 Rc4 26. Bd3 Ra4
27. a3 Rb8 28. Bc5 g6 29. b3 Rf4 30. Rxa6 f6 31. Be3 Rh4 32. exf6 Kf7 33. Bg5
Rh5 34. Ra7+ Kf8 35. Bd2 Rh4 36. g3 Rd4 37. Bh6+ Kg8 38. f7+ Kh8 39. Bxb5 Rd5
40. Bc4 1-0

[Event "IX Floripa Chess Open Fort Atacadista"]
[Site "Florianópolis - Santa Catari"]
[Date "2023.01.24"]
[Round "3.197"]
[White "Flesch, Lucas Henrique Ye"]
[Black "Dias, Juliane De Oliveira"]
[Result "1/2-1/2"]
[WhiteElo "1306"]
[BlackElo "1672"]
[PlyCount "53"]
[EventDate "2023.01.23"]
[EventRounds "10"]
[EventCountry "BRA"]

1. e4 c5 2. Nf3 Nc6 3. c3 d5 4. exd5 Qxd5 5. d4 Bg4 6. Be2 e6 7. h3 Bh5 8. Na3
cxd4 9. Nb5 Qd7 10. Nbxd4 Nxd4 11. Nxd4 Bxe2 12. Qxe2 a6 13. Be3 Nf6 14. Rd1
Nd5 15. O-O Be7 16. c4 Nxe3 17. Qxe3 Qc8 18. b3 O-O 19. Qe4 Bf6 20. Nc2 Qc7 21.
Ne3 Rfd8 22. Ng4 Be7 23. Qf3 Rxd1 24. Rxd1 Rd8 25. Rxd8+ Bxd8 26. Qe4 Qd7 27.
Qe2 1/2-1/2

[Event "IX Floripa Chess Open Fort Atacadista"]
[Site "Florianópolis - Santa Catari"]
[Date "2023.01.24"]
[Round "3.198"]
[White "Cheres, Beatriz Fernanda Sa"]
[Black "Nobre, Jailson Altair Barb"]
[Result "0-1"]
[WhiteElo "1312"]
[BlackElo "1669"]
[PlyCount "72"]
[EventDate "2023.01.23"]
[EventRounds "10"]
[EventCountry "BRA"]

1. e4 c5 2. Nf3 e6 3. d4 cxd4 4. Nxd4 a6 5. Bd3 Nf6 6. Bg5 Be7 7. O-O d6 8. Nc3
h6 9. Bh4 Nc6 10. Nf3 O-O 11. Qe2 Qc7 12. Rfe1 b5 13. e5 dxe5 14. Nxe5 Nxe5 15.
Qxe5 Qxe5 16. Rxe5 Bb7 17. Re3 Bc5 18. Re2 Nd5 19. Nxd5 Bxd5 20. Be4 Bxe4 21.
Rxe4 Rac8 22. c3 Rfe8 23. Rd1 f5 24. Re5 g5 25. Bxg5 hxg5 26. Rde1 Kf7 27. g4
Bd6 28. R5e3 Bf4 29. Rh3 fxg4 30. Rh7+ Kg6 31. Ra7 Rc6 32. Rd1 Kf6 33. Kg2 Re7
34. Ra8 Rh7 35. Rh1 Rd6 36. a3 e5 0-1

[Event "IX Floripa Chess Open Fort Atacadista"]
[Site "Florianópolis - Santa Catari"]
[Date "2023.01.24"]
[Round "3.199"]
[White "Lopez, Hector"]
[Black "De Carvalho, Amauri"]
[Result "1-0"]
[WhiteElo "1613"]
[BlackElo "1211"]
[PlyCount "61"]
[EventDate "2023.01.23"]
[EventRounds "10"]
[EventCountry "BRA"]

1. d4 d6 2. Nf3 Nf6 3. c4 c6 4. Nc3 Qa5 5. Bd2 Qc7 6. e4 e5 7. d5 c5 8. Rb1 a5
9. Bd3 Be7 10. O-O O-O 11. h3 Bd7 12. Nh2 Ne8 13. f4 exf4 14. Bxf4 Bf6 15. Nf3
g6 16. Qe2 Bg7 17. e5 Na6 18. a3 Rd8 19. Rbe1 Qb8 20. Bh2 Bh8 21. e6 fxe6 22.
dxe6 Bd4+ 23. Kh1 Rxf3 24. Rxf3 Bc6 25. e7 Bxf3 26. Qxf3 Nf6 27. exd8=Q+ Qxd8
28. Nd5 Nxd5 29. Qxd5+ Kg7 30. Bxd6 Qf6 31. Rf1 1-0

[Event "IX Floripa Chess Open Fort Atacadista"]
[Site "Florianópolis - Santa Catari"]
[Date "2023.01.24"]
[Round "3.200"]
[White "Senger, Maria Clara Da Silv"]
[Black "Do Nascimento, Carlos Augusto Xa"]
[Result "1-0"]
[WhiteElo "1604"]
[BlackElo "1895"]
[PlyCount "75"]
[EventDate "2023.01.23"]
[EventRounds "10"]
[EventCountry "BRA"]

1. e4 d6 2. d4 Nd7 3. Nf3 e5 4. dxe5 dxe5 5. Nc3 c6 6. Bc4 Be7 7. O-O Ngf6 8.
Be3 b5 9. Bd3 Qc7 10. Ne2 a6 11. Ng3 Nc5 12. Qe2 O-O 13. c3 Nxd3 14. Qxd3 Be6
15. Rfd1 h6 16. Qc2 Ng4 17. Bc1 Bc5 18. Nh1 f5 19. h3 fxe4 20. Qxe4 Bd5 21.
Qxg4 Bxf3 22. gxf3 Rf7 23. Be3 Bxe3 24. fxe3 Raf8 25. Rf1 Rf5 26. h4 h5 27. Qg2
R5f6 28. Kh2 Kh7 29. Ng3 Rg6 30. Rg1 e4 31. f4 Rg4 32. Qxe4+ g6 33. Kg2 Qd8 34.
Rh1 Qd2+ 35. Kf3 Qd7 36. Rad1 Qc8 37. Qe7+ Kg8 38. Rd7 1-0

[Event "IX Floripa Chess Open Fort Atacadista"]
[Site "Florianópolis - Santa Catari"]
[Date "2023.01.24"]
[Round "3.201"]
[White "Romais, Rodrigo"]
[Black "Kim, Andre"]
[Result "1-0"]
[WhiteElo "1548"]
[BlackElo "1198"]
[PlyCount "79"]
[EventDate "2023.01.23"]
[EventRounds "10"]
[EventCountry "BRA"]

1. e4 e5 2. Bc4 Nc6 3. Nc3 d6 4. a3 g6 5. d3 Bg7 6. h3 Nge7 7. Bg5 h6 8. Bh4
Bd7 9. Nge2 Qc8 10. O-O Be6 11. Bxe6 Qxe6 12. Nb5 Qd7 13. c4 a6 14. Nbc3 g5 15.
Bg3 h5 16. h4 Bf6 17. hxg5 Bxg5 18. f4 Bxf4 19. Bxf4 exf4 20. Nxf4 h4 21. Ncd5
Nxd5 22. Nxd5 O-O-O 23. Qf3 Ne5 24. Qe2 Rdg8 25. Nf6 Qe6 26. Nxg8 Rxg8 27. d4
Nd7 28. Rf5 h3 29. g4 Nf6 30. Rf4 Nxg4 31. d5 Qe5 32. Rxg4 Rxg4+ 33. Qxg4+ Kb8
34. Qe2 Qg3+ 35. Kh1 Qe5 36. Rg1 b6 37. Rf1 c6 38. Rf5 Qe7 39. Qf3 Qa7 40. Rh5
1-0

[Event "IX Floripa Chess Open Fort Atacadista"]
[Site "Florianópolis - Santa Catari"]
[Date "2023.01.24"]
[Round "3.202"]
[White "Nobre, Jose Adalberto Barb"]
[Black "Fraga, Sofia Carneiro"]
[Result "1/2-1/2"]
[WhiteElo "1542"]
[BlackElo "1850"]
[PlyCount "39"]
[EventDate "2023.01.23"]
[EventRounds "10"]
[EventCountry "BRA"]

1. e4 e5 2. Nf3 Nc6 3. Bc4 Bc5 4. O-O Nf6 5. d3 h6 6. h3 O-O 7. c3 d5 8. exd5
Nxd5 9. Bb3 Be6 10. Nbd2 Nf4 11. d4 exd4 12. Ne4 Bxb3 13. axb3 Ne6 14. Nfd2 d3
15. Nxc5 Nxc5 16. b4 Ne6 17. Nf3 Qd7 18. b5 Ne7 19. c4 Rad8 20. Rxa7 1/2-1/2

[Event "IX Floripa Chess Open Fort Atacadista"]
[Site "Florianópolis - Santa Catari"]
[Date "2023.01.24"]
[Round "3.203"]
[White "Duarte, Giovanna Torqui"]
[Black "Barbosa, Kassio Rodrigo"]
[Result "0-1"]
[WhiteElo "1040"]
[BlackElo "1540"]
[PlyCount "68"]
[EventDate "2023.01.23"]
[EventRounds "10"]
[EventCountry "BRA"]

1. d4 Nf6 2. Bf4 d6 3. Nf3 g6 4. c3 Bg7 5. e3 O-O 6. Bd3 Nbd7 7. O-O Re8 8. Bc2
Nh5 9. Re1 c5 10. Qc1 b6 11. Be4 Rb8 12. Nbd2 Ndf6 13. Bc6 Rf8 14. Ne4 Qc7 15.
Nxf6+ Bxf6 16. d5 Nxf4 17. exf4 Bg4 18. Qe3 Bd7 19. Bxd7 Qxd7 20. Rab1 Rfe8 21.
Ng5 Qf5 22. c4 Bxg5 23. fxg5 e6 24. dxe6 Rxe6 25. Qd2 Rbe8 26. Kf1 Kf8 27. Rxe6
Qxb1+ 28. Re1 Rxe1+ 29. Qxe1 Qxb2 30. Qd1 Ke7 31. Qf3 Qc1+ 32. Ke2 Qxc4+ 33.
Ke3 Qc3+ 34. Ke4 Qd4# 0-1

[Event "IX Floripa Chess Open Fort Atacadista"]
[Site "Florianópolis - Santa Catari"]
[Date "2023.01.24"]
[Round "3.204"]
[White "Barbosa, Rafael Santos"]
[Black "Paula Pinto, Mateus Arsenio"]
[Result "1/2-1/2"]
[WhiteElo "1816"]
[BlackElo "1538"]
[PlyCount "53"]
[EventDate "2023.01.23"]
[EventRounds "10"]
[EventCountry "BRA"]

1. d4 d5 2. c4 e6 3. Nc3 Nf6 4. cxd5 exd5 5. Bg5 Be6 6. Qc2 Nbd7 7. e3 Be7 8.
Bd3 Rc8 9. Nge2 c5 10. dxc5 Nxc5 11. O-O O-O 12. Bxf6 Bxf6 13. Bxh7+ Kh8 14.
Bf5 g6 15. Bxe6 Nxe6 16. Qd2 Rc5 17. Rfd1 Kg7 18. Nxd5 Be5 19. Ndf4 Qf6 20.
Nxe6+ fxe6 21. Nd4 Bb8 22. Nf3 Rh5 23. Qd4 Be5 24. Qd2 Bb8 25. Qd7+ Rf7 26. Qd8
Bxh2+ 27. Kf1 1/2-1/2

[Event "IX Floripa Chess Open Fort Atacadista"]
[Site "Florianópolis - Santa Catari"]
[Date "2023.01.24"]
[Round "3.205"]
[White "Matsunaga, Lange Cristina"]
[Black "Santos, Mike Sperandio"]
[Result "1/2-1/2"]
[WhiteElo "1479"]
[BlackElo "1811"]
[PlyCount "143"]
[EventDate "2023.01.23"]
[EventRounds "10"]
[EventCountry "BRA"]

1. e4 c5 2. Nf3 d6 3. d4 cxd4 4. Nxd4 Nf6 5. Nc3 a6 6. Nf3 e6 7. Bd3 Be7 8. O-O
O-O 9. Qe2 Nbd7 10. Be3 Qc7 11. Rad1 Nc5 12. Bxc5 Qxc5 13. e5 dxe5 14. Nxe5 b5
15. a3 Bd6 16. Nf3 Bb7 17. Be4 Nxe4 18. Nxe4 Bxe4 19. Qxe4 Rfd8 20. h4 h6 21.
b4 Qc7 22. Rd3 Be7 23. Rfd1 Rxd3 24. Qxa8+ Qd8 25. Qxd8+ Rxd8 26. Rb1 Bf6 27.
g3 Rc8 28. Ne1 Rc3 29. Rb3 Bd4 30. Kg2 Kf8 31. Nf3 Rxb3 32. cxb3 Bb2 33. a4 Bc3
34. h5 Bxb4 35. Ne5 bxa4 36. bxa4 a5 37. Kf3 Bc3 38. Nc4 Ke7 39. Ke3 Kd7 40. g4
Kc6 41. Kd3 Be1 42. Kc2 Kc5 43. Kb3 Bxf2 44. Nxa5 Kd4 45. Nc4 Ke4 46. a5 Kd5
47. Kc3 Be1+ 48. Kd3 Bxa5 49. Nxa5 Ke5 50. Ke3 Kf6 51. Nc6 Kg5 52. Kf3 f5 53.
gxf5 exf5 54. Ne7 Kxh5 55. Nxf5 g6 56. Ng3+ Kh4 57. Kg2 Kg4 58. Ne4 Kf4 59. Nf2
g5 60. Nh3+ Kf5 61. Nxg5 hxg5 62. Kg3 g4 63. Kg2 Kf4 64. Kf2 g3+ 65. Kg1 Kf3
66. Kf1 Ke3 67. Kg2 Kf4 68. Kg1 Kg4 69. Kf1 Kh4 70. Kg1 Kg4 71. Kg2 Kh4 72. Kg1
1/2-1/2

[Event "IX Floripa Chess Open Fort Atacadista"]
[Site "Florianópolis - Santa Catari"]
[Date "2023.01.24"]
[Round "3.206"]
[White "De Souza, Samuel De Deus"]
[Black "De Souza, Carlos Alberto"]
[Result "0-1"]
[WhiteElo "1800"]
[BlackElo "1474"]
[PlyCount "46"]
[EventDate "2023.01.23"]
[EventRounds "10"]
[EventCountry "BRA"]

1. e4 e5 2. f4 d6 3. fxe5 Qh4+ 4. g3 Qxe4+ 5. Qe2 Qxh1 6. exd6+ Be6 7. dxc7 Qc6
8. cxb8=Q+ Rxb8 9. d4 Nf6 10. Bg2 Qd7 11. Nc3 Bb4 12. Nf3 O-O 13. Bf4 Rbc8 14.
Bd2 Bg4 15. O-O-O Rfe8 16. Qf1 Bxc3 17. Bxc3 Nd5 18. Ne5 Ne3 19. Qf4 Rxe5 20.
Re1 Nxg2 21. Qxe5 Nxe1 22. Qxe1 Re8 23. Qd2 Qf5 0-1

[Event "IX Floripa Chess Open Fort Atacadista"]
[Site "Florianópolis - Santa Catari"]
[Date "2023.01.24"]
[Round "3.207"]
[White "Fernandini, Felipe Piacente"]
[Black "Kikuchi, Alexandre Hideki Lo"]
[Result "1/2-1/2"]
[WhiteElo "1451"]
[BlackElo "1800"]
[PlyCount "88"]
[EventDate "2023.01.23"]
[EventRounds "10"]
[EventCountry "BRA"]

1. e4 c5 2. Nf3 e6 3. d4 cxd4 4. Nxd4 Nc6 5. Be3 Qc7 6. Nc3 a6 7. Be2 Nf6 8. a3
Be7 9. Qd2 b5 10. O-O-O O-O 11. Nxc6 dxc6 12. f3 Rd8 13. Bd3 c5 14. Qf2 Rb8 15.
g4 c4 16. Be2 e5 17. g5 Nh5 18. Nd5 Qb7 19. f4 Nxf4 20. Bxf4 exf4 21. Qxf4 Be6
22. Rhf1 Bxd5 23. Rxd5 Bf8 24. Rfd1 Qb6 25. Rd7 Rxd7 26. Rxd7 Rd8 27. Qxf7+ Kh8
28. h4 Qb8 29. Bg4 Rxd7 30. Bxd7 Bd6 31. Be8 Qc7 32. g6 Qe7 33. Qxe7 Bxe7 34.
h5 hxg6 35. hxg6 Kg8 36. Kd2 Kf8 37. Bf7 Bg5+ 38. Kd1 Ke7 39. a4 Kd6 40. axb5
axb5 41. b3 c3 42. Ke2 Ke5 43. Kd3 b4 44. Kc4 Be7 1/2-1/2

[Event "IX Floripa Chess Open Fort Atacadista"]
[Site "Florianópolis - Santa Catari"]
[Date "2023.01.24"]
[Round "3.208"]
[White "Mazzuco Junior, Adir"]
[Black "Miranda, Bianca"]
[Result "0-1"]
[WhiteElo "1425"]
[BlackElo "1800"]
[PlyCount "54"]
[EventDate "2023.01.23"]
[EventRounds "10"]
[EventCountry "BRA"]

1. d4 Nf6 2. Bg5 g6 3. Bxf6 exf6 4. e4 d5 5. exd5 Qxd5 6. Nc3 Qa5 7. Qe2+ Be7
8. g3 c6 9. Bg2 Be6 10. a3 O-O 11. Nf3 Re8 12. O-O Nd7 13. Qd3 Rad8 14. Rfe1
Nb6 15. b4 Qh5 16. Qe4 Bg4 17. Nd2 Bxb4 18. Qxe8+ Rxe8 19. Rxe8+ Bf8 20. a4 Qa5
21. Nde4 Kg7 22. h3 Bd7 23. Rxf8 Kxf8 24. Ne2 Kg7 25. Nc5 Qd2 26. Nf4 Qxd4 27.
Nxb7 Qxa1+ 0-1